| 000 | 00891nam a22002897a 4500 | ||
|---|---|---|---|
| 003 | CHAP | ||
| 005 | 20220329132947.0 | ||
| 008 | 971013s1986 r 00010 d | ||
| 010 | _a689 | ||
| 011 | _a1661 | ||
| 035 | _a837 | ||
| 040 | _cCHAP | ||
| 090 | _aFolleto 12468 | ||
| 100 | 0 | 0 |
_aLongbrake, Tom D. _967576 |
| 245 | _aGuía de siembra para verduras en el sur de Texas | ||
| 260 |
_aCollege Station, Texas : _bTexas A & M University, _c[1986?] |
||
| 500 | _a37-163 | ||
| 590 |
_aBATCH-UPD _b10 _c20130109 _lUCH01 _h2347 |
||
| 590 |
_aBATCH-UPD _b10 _c20130110 _lUCH01 _h2253 |
||
| 590 |
_aCONVERSION _b10 _c20130109 _lUCH01 _h1302 |
||
| 650 | 1 | 4 |
_aHorticultura _xTexas. _956373 |
| 650 | 1 | 4 |
_aLegumbres _xFechas de siembra. _965718 |
| 901 | _aBK | ||
| 942 | _cFOLL | ||
| 949 |
_aFolleto 12468 _bBC _cFOLL _d-10296 _eTS1 _i837 _si |
||
| 949 |
_aFolleto 12468 _bBC _cFOLL _d-68481 _eTS2 _fc.2 _i837 _si |
||
| 999 |
_c689 _d689 |
||